Ile Razy Potrafisz Wpisać Polska w 15 Sekund - Statystyki

Ogólne statystyki
  • Ten quiz został rozwiązany 1 044 razy
  • Średni wynik to 13 z 40
Statystyki odpowiedzi
Polska % Poprawnych
Polska
99%
Polska
96%
Polska
95%
Polska
93%
Polska
90%
Polska
85%
Polska
79%
Polska
72%
Polska
64%
Polska
54%
Polska
43%
Polska
36%
Polska
30%
Polska
25%
Polska
22%
Polska
19%
Polska
17%
Polska
16%
Polska
15%
Polska
15%
Polska
15%
Polska
15%
Polska
15%
Polska
15%
Polska
15%
Polska
14%
Polska
14%
Polska
14%
Polska
14%
Polska
14%
Polska
14%
Polska
14%
Polska
14%
Polska
14%
Polska
14%
Polska
14%
Polska
14%
Polska
14%
Polska
14%
Polska
14%
Nie znaleziono quizów pasujących do podanych kryteriów
Rozkład punktacji
Procent ludzi z każdym wynikiem
Percentyl według liczby udzielonych odpowiedzi
Twoja historia wyników
Nie rozwiązałeś tego quizu